000 00594nam a22001935i 4500
001 171679
003 ES-MaACL
005 20250911063603.0
008 090526s1960 sp |||| | spa d
080 _a821.134.2-31"19"
100 1 _aSoler, Bartolomé,
_d1894-1975
_9107138
245 1 0 _aEntre dos mujeres (Germán Padilla) /
_cpor Bartolomé Soler.
260 _aBarcelona :
_bG. P.,
_c[1960]
300 _a192 p. ;
_c18 cm.
490 1 _aLibros "Plaza" ;
_v204
830 0 _aLibros "Plaza" ;
_v204
_9181449
852 _aES-MaACL
_jC-18053
_9R.45783
999 _c171679
_d171679